000 01576nam a2200217Ia 4500
003 Ost
005 20260507075645.0
008 260507s9999||||xx |||||||||||||| ||und||
020 _a6755890977
040 _cfsecg
041 _aara
082 _a338.4791
100 _aدعبس، يسري
_eمؤلف
245 0 _aصناعة السياحة بين النظرية والتطبيق :
_bدراسات وبحوث في الأنتروبولوجيا السياحية /
_c يسري دعبس
260 _aالإسكندرية:
_bالملتقى المصري للإبداع والتنمية,
_c2003
300 _a290 صفحة؛
_bإيضاحات ؛
_c24 سم
520 _aالتطور التاريخي لرحلة السياحة في العالم عبر العصور- تطور الإهتمام بالنشاط السياحي في مصر- أداب الرحلة السياحية عند الرحالة العرب والأجانب- المفاهيم والتصورات والإتجاهات النظرية حول السياحة والسائح- مكونات النشاط السياحي- أنماط السياحة وأنواعها المختلفة- الإهتمام العلمي والاكاديمي بدراسة السياحة- أدوار ووظائف واختصاصات المنظمات والهيئات السياحية والمحلية والإقليمية والدولية- التحديات التي تواجه إزدهار القطاع السياحي في ضوء الواقع المصري
653 _aالسياحة
653 _aالصناعة السياحية
942 _cكتاب
999 _c45473
_d45473